La photographie transcendantale
Shranjeno v:
| Glavni avtor: | |
|---|---|
| Format: | Knjiga |
| Jezik: | francoščina |
| Izdano: |
París
Charles Mendel
1900
|
| Teme: | |
| Oznake: |
Označite
Brez oznak, prvi označite!
|
MARC
| LEADER | 00000nam a2200000 a 4500 | ||
|---|---|---|---|
| 001 | UCZ1685 | ||
| 003 | CL-VaPUC | ||
| 008 | 950831e19000000FR |||||||||||||||||fre|d | ||
| 082 | 0 | 4 | |a 770 |b FIN |2 21 |
| 100 | 0 | |a Finot, J |e author |9 345325 | |
| 245 | 1 | 3 | |a La photographie transcendantale |
| 246 | 1 | 4 | |a Les esprits graves et les esprits trompeurs |
| 300 | |a 54 p | ||
| 942 | |c BK | ||
| 945 | |d 19950831 00:00:00 |a rbrito | ||
| 260 | |a París |b Charles Mendel |c 1900 | ||
| 650 | 0 | |a Fotografía |9 268495 | |
| 650 | 0 | |a Arte |x Reproducción |9 335508 | |
| 650 | 0 | |a Material visual |9 327831 | |
| 650 | 0 | |a Artistas visuales |9 338766 | |
| 650 | 0 | |a Fotógrafos |9 327623 | |
| 650 | 7 | |a EQUIPO FOTOGRAFICO |2 CL-VaPUC |9 344492 | |
| 583 | |a last modification |c 19950831 00:00:00 |k Rodrigo Vera | ||
| 999 | |c 238396 |d 238394 | ||
| 952 | |0 0 |1 0 |4 0 |6 770_000000000000000_FIN_1900 |7 0 |8 A |9 248565 |a BIBART |b BIBART |d 2019-11-18 |i 3127729 |o 770 FIN 1900 |p 3127729 |r 2025-03-13 |w 2019-11-18 |y BK |k ART | ||